I love Saturdays y domingos / (Record no. 3166)

MARC details
000 -LEADER
fixed length control field 00973cam a2200277 a 4500
005 - DATE AND TIME OF LATEST TRANSACTION
control field 20240215095002.0
020 ## - INTERNATIONAL STANDARD BOOK NUMBER
International Standard Book Number 9780689874093
040 ## - CATALOGING SOURCE
Original cataloging agency DLC
Transcribing agency DLC
Modifying agency DLC
Language of cataloging eng
050 00 - LIBRARY OF CONGRESS CALL NUMBER
Classification number PZ7.A1857
082 00 - DEWEY DECIMAL CLASSIFICATION NUMBER
Classification number 468.6421
100 1# - MAIN ENTRY--PERSONAL NAME
Personal name Ada, Alma Flor
245 10 - TITLE STATEMENT
Title I love Saturdays y domingos /
Statement of responsibility, etc. by Alma Flor Ada ; illustrated by Elivia Savadier.
250 ## - EDITION STATEMENT
Edition statement First Aladdin Paperbacks edition , September 2004
260 ## - PUBLICATION, DISTRIBUTION, ETC.
Place of publication, distribution, etc. New York :
Name of publisher, distributor, etc. Aladdin Paperbacks,
Date of publication, distribution, etc. 2002
300 ## - PHYSICAL DESCRIPTION
Extent 26 unnumbered pages :
Other physical details color illustrations ;
Dimensions 29 cm.
505 ## - FORMATTED CONTENTS NOTE
Formatted contents note K <br/>
520 ## - SUMMARY, ETC.
Summary, etc. A young girl enjoys the similarities and the differences between her English-speaking and Spanish-speaking grandparents.
521 ## - TARGET AUDIENCE NOTE
Target audience note 510 <br/>
Source Lexile <br/>
521 ## - TARGET AUDIENCE NOTE
Target audience note K <br/>
Source Raz-Plus <br/>
650 #1 - SUBJECT ADDED ENTRY--TOPICAL TERM
Topical term or geographic name entry element Grandparents
General subdivision Fiction
650 #1 - SUBJECT ADDED ENTRY--TOPICAL TERM
Topical term or geographic name entry element Mexican Americans
General subdivision Fiction
700 1# - ADDED ENTRY--PERSONAL NAME
Personal name Savadier, Elivia
Relator term illustrator
906 ## - LOCAL DATA ELEMENT F, LDF (RLIN)
a 7
b cbc
c orignew
d 1
e ocip
f 19
g y-gencatlg
942 ## - ADDED ENTRY ELEMENTS (KOHA)
Source of classification or shelving scheme Dewey Decimal Classification
Koha item type Books
Suppress in OPAC No
999 ## -
-- 3166
-- 3166
Holdings
Withdrawn status Lost status Source of classification or shelving scheme Damaged status Not for loan Collection Home library Current library Shelving location Date acquired Total Checkouts Full call number Barcode Date due Date last seen Date last checked out Price effective from Koha item type
    Dewey Decimal Classification     Juvenile Fiction Footprints International School Library Network Toul Kork Campus Footprints International School Library Network Toul Tom Poung Campus   02/15/2024 4 ADA 468.6421 PZ7.A1857 FISTK01654 03/25/2026 03/11/2026 03/11/2026 02/15/2024 Books